000 00316nam a2200133Ia 4500
005 20251222144901.0
008 251222s9999||||xx |||||||||||||| ||spa||
020 _a987-04-0557-6
082 _a869.15/F89T
100 _aFuentes, Carlos
245 0 _aTodas las Familias Felices
264 _bAlfaguara
942 _cLIB
999 _c21996
_d21996